000 02055nam a22003737a 4500
005 20121127101424.0
008 121127t xxu||||| |||| 00| 0 eng d
010 _aENG-106224
020 _a9781259029028
_c595.00
020 _a1259029026
_c595.00
035 _aEN-89757
037 _bDBAD/PUB
040 _aDPL
_bEng
082 _a005.133
100 1 _aAllen, Paul R.
_953840
245 1 0 _aSCEA Sun certified enterprise architect for Java EE study guide (exam 310-051) /
_cby Paul R. Allen [and] Joseph J. Bambara
246 3 0 _aSun certified enterprise architect for Java EE study guide (exam 310-051)
260 _aNew Delhi
_bTata McGraw Hill
_c2012
270 _a7 West Patel Nagar
_bNew Delhi
_e110008
300 _axxvii, 643p. :
_bill.
_c24cm(pbk)
_e1CD-ROM
500 _aRev. ed. of: Sun certified enterprise architect for J2EE study guide (exam 310-051) / Paul Allen, Joseph Bambara. 2003.
500 _aIncludes index
650 0 _aElectronic data processing personnel
_xCertification.
_953841
650 0 _aJava (Computer program language)
_xExaminations
_vStudy guides.
_953842
650 0 _aBusiness enterprises
_xComputer networks
_xExaminations
_vStudy guides.
_953843
700 1 _aBambara, Joseph J.
_953844
700 1 _aAllen, Paul R.
_tSun certified enterprise architect for J2EE study guide (exam 310-051)
_953845
856 4 2 _3Publisher description
_uhttp://www.loc.gov/catdir/enhancements/fy0729/2007024936-d.html
856 4 1 _3Table of contents only
_uhttp://www.loc.gov/catdir/enhancements/fy0729/2007024936-t.html
856 4 2 _3Contributor biographical information
_uhttp://www.loc.gov/catdir/enhancements/fy0729/2007024936-b.html
942 _2ddc
_cEN
_h005.133
_mALL
999 _c71657
_d71657